| 000 | 00402nam a2200157 4500 | ||
|---|---|---|---|
| 001 | 3554 | ||
| 005 | 20181127171449.0 | ||
| 010 | 0 | 0 | _a |
| 020 | 0 | 0 | _a |
| 090 | 0 | 0 | _a244.2 F254m 2008 |
| 245 | 0 | 0 |
_aMajjhimapannasa pali / _b _cTranslated by U Htin Fatt. _h |
| 260 | 0 | 0 |
_aYangon, Burma : _bBuddha Education Foundation, _c2008. |
| 300 | 0 | 0 | _axix, 629 p. ; 24 cm. |
| 500 | 0 | 0 | _a |
| 650 | 0 | 0 |
_aBuddhism --Doctrines. _x |
| 999 |
_c2891 _d2891 |
||